<An> East Asian renaissance ideas for economic growth
Guardado en:
| Autor principal: | |
|---|---|
| Otros Autores: | |
| Formato: | Libro |
| Lenguaje: | inglés |
| Publicado: |
Washington, D.C.
<The> World Bank
2007
|
| Materias: | |
| Etiquetas: |
Sin Etiquetas, Sea el primero en etiquetar este registro!
|
MARC
| LEADER | 00000nam$a2200000$$$4500 | ||
|---|---|---|---|
| 001 | 0062119 | ||
| 005 | 20240315115213.5 | ||
| 020 | |a 0-8213-6747-1 | ||
| 020 | |a 978-0-8213-6747-6 | ||
| 041 | 0 | |a eng | |
| 044 | |a US | ||
| 245 | 1 | 0 | |a <An> East Asian renaissance |b ideas for economic growth |c Indermit Gill, Homi Kharas |
| 264 | 1 | |a Washington, D.C. |b <The> World Bank |c 2007 | |
| 300 | |a 365 s. | ||
| 610 | 2 | 0 | |a vývoj hospodársky |
| 610 | 2 | 0 | |a rast hospodársky |
| 610 | 2 | 0 | |a investície |
| 610 | 2 | 0 | |a rozvoj hospodársky |
| 610 | 2 | 0 | |a rozmach |
| 610 | 2 | 0 | |a projekty |
| 610 | 2 | 0 | |a technológie nové |
| 610 | 2 | 0 | |a inovácia |
| 610 | 2 | 0 | |a mestá |
| 610 | 2 | 0 | |a kapitál ľudský |
| 610 | 2 | 0 | |a korupcia |
| 610 | 2 | 0 | |a monopoly |
| 610 | 2 | 0 | |a obchod |
| 610 | 2 | 0 | |a vývoz |
| 610 | 2 | 0 | |a východná Ázia |
| 610 | 2 | 0 | |a Čína |
| 100 | 1 | |a Gill, Indermit | |
| 700 | 1 | |a Kharas, Homi | |